00888nam a2200253 a 4500001001000000003000900010005001700019007000300036008004100039020001800080040002500098082003100123100003000154245010300184250001200287260003800299300002700337490004100364500005600405504002600461600005000487651007100537700002600608000046666DO-SdBNP20240302073951.0ta110211e2014 dr a br 000 edspa d a9789945468243 aDO-SdBNPbspacBNPHU 4a923.57293bP977C, 20142221 aCassá, Roberto, d1948-10aJosé Joaquín Puello :btributo del pueblo /cRoberto Cassá ; ilustraciones, José Mercader. a2º ed. aSanto Domingo :bTobogán,c2014 a44 p. :bil. ;c23 cm.1 aBiografías Dominicanas Tobogán ; aIncluye datos biografícos del autor e ilustrador. aBibliografía: p. 4114aPuello y Castro, José Joaquín,d1808-1847 4aRepública DominicanaxHistoriavOcupación Haitiana y1822-18441 aMercader, Joséeil.